000 00283nam a22001217a 4500
008 180518b xxu||||| |||| 00| 0 eng d
041 _aeng
080 _a043.3
100 _a0
101 _aMBE-BA
245 _aInvestimet e Bizneseve te vogla ne Kosove
_cAbazi, L
942 _2udc
_cBK
999 _c45945
_d45945